Online katalóg knižníc regiónu Turca

Biely vrabec (Record no. 22749)

MARC details
000 -LEADER
fixed length control field 00431nam a2200169 a 4500
001 - CONTROL NUMBER
control field 22749
003 - CONTROL NUMBER IDENTIFIER
control field SK-KTurca
005 - DATE AND TIME OF LATEST TRANSACTION
control field 20260422162550.0
008 - FIXED-LENGTH DATA ELEMENTS--GENERAL INFORMATION
fixed length control field 000101s1970 xx und c
035 ## - SYSTEM CONTROL NUMBER
System control number UKB000255033
040 ## - CATALOGING SOURCE
Original cataloging agency BAA001
Language of cataloging slo
Transcribing agency BAA001
Description conventions AACR2
100 1# - MAIN ENTRY--PERSONAL NAME
Personal name Ballek, Ladislav,
Dates associated with a name 1941-2014
245 00 - TITLE STATEMENT
Title Biely vrabec
260 ## - PUBLICATION, DISTRIBUTION, ETC.
Place of publication, distribution, etc. Bratislava
Name of publisher, distributor, etc. Slovenský spisovateľ
Date of publication, distribution, etc. 1970
300 ## - PHYSICAL DESCRIPTION
Extent 238 s
942 ## - ADDED ENTRY ELEMENTS (KOHA)
Source of classification or shelving scheme Dewey Decimal Classification
Koha item type Krásna literatúra pre dospelých
Suppress in OPAC No
Holdings
Stav vyradenia Strata Poškodenie Spôsob nadobudnutia Domovská knižnica Aktuálna knižnica Dátum nadobudnutia Total checkouts Čiarový kód exemplára Date last seen Typ exemplára
      Dar Obecná knižnica Folkušová Obecná knižnica Folkušová 22.04.2026   4734401078 22.04.2026 Krásna literatúra pre dospelých
Projekt je podporený Slovenskou asociáciou knižníc
Prevádzkuje Turčianska knižnica Martin 2026